[Event "A test for players who move fairly quickly"]
[Site "SchemingMind.com"]
[Date "2012.08.21"]
[Round "-"]
[White "Scooter"]
[Black "roque"]
[Result "0-1"]
[WhiteCountry "USA"]
[BlackCountry "FRA"]
[WhiteElo "1806"]
[WhiteRD "47"]
[BlackElo "1893"]
[BlackRD "81"]
[GameID "316295"]

1. d4 Nf6 2. Nf3 e6 3. Bg5 h6 4. Bxf6 Qxf6 5. e3 d5 6. Be2 Bd6 7. O-O O-O 8. Nbd2 Nc6 9. c3 e5 10. dxe5 Nxe5
11. Nxe5 Bxe5 12. Nf3 Be6 13. Nxe5 Qxe5 14. Bf3 c6 15. Qd4 Qxd4 16. exd4 Rfe8= 17. Rfe1 Bf5 18. g3 Be4 19. Bxe4 dxe4 20. Re3 f5
21. Rae1 Re6 22. f3 Rae8 23. fxe4 fxe4 24. g4 g5 25. Kf2 Kf7 26. Ke2 Ke7 27. Kd2 Kd6 28. c4 b6 29. b4 a6 30. Kc3 b5
31. Rf1 Ke7 32. d5 cxd5 33. c5 Kd7 34. Kd4 Kc6 35. Rf7 a5 36. a3 axb4 37. axb4 Ra8 38. h3 Ra1 39. Kc3 Rc1+ 40. Kb2 Rc4
41. Kb3 d4 42. Rg3 d3
0-1

[Event "A test for players who move fairly quickly"]
[Site "SchemingMind.com"]
[Date "2012.08.21"]
[Round "-"]
[White "kenneth m day"]
[Black "roque"]
[Result "0-1"]
[WhiteCountry "USA"]
[BlackCountry "FRA"]
[WhiteElo "1775"]
[WhiteRD "51"]
[BlackElo "1893"]
[BlackRD "81"]
[GameID "316314"]

1. e4 Nc6 2. d4 d6 3. Nf3 g6 4. Nc3 Nf6 5. Bb5 Bd7 6. Qe2 Bg7 7. Bg5 a6 8. Ba4 b5 9. Bb3 Na5 10. O-O Nxb3
11. axb3 Bc6 12. b4 O-O 13. Qd3 Nd7 14. Rfe1 Bf6 15. Bh6 Re8 16. Qe3 e5 17. d5 Bb7 18. Ng5 Bg7 19. Qh3 Bxh6 20. Qxh6 Nf8
21. Re3 f6 22. Nf3 Qe7 23. Nh4 Qg7 24. Qxg7+ Kxg7 25. Rg3 Bc8 26. Rd1 Kf7 27. Rdd3 Bd7 28. Ne2 a5 29. bxa5 Rxa5 30. h3 Ra4
31. Nc3 Rd4 32. Rxd4 exd4 33. Na2 Rxe4 34. Nf3 d3 35. cxd3 Re2 36. Nb4 Rxb2 37. Na6 b4 38. Nxc7 b3 39. Nd4 Rb1+ 40. Kh2 b2
41. Re3 Rc1
0-1

[Event "A test for players who move fairly quickly"]
[Site "SchemingMind.com"]
[Date "2012.08.21"]
[Round "-"]
[White "kenneth m day"]
[Black "keen"]
[Result "1-0"]
[WhiteCountry "USA"]
[BlackCountry "SCO"]
[WhiteElo "1775"]
[WhiteRD "51"]
[BlackElo "1762"]
[BlackRD "59"]
[GameID "316315"]

1. e4 e5 2. Nf3 Nc6 3. c3 Nf6 4. d4 exd4 5. e5 Ng4 6. cxd4 d6 7. h3 Nh6 8. Bc4 dxe5 9. Qe2 Nxd4 10. Qxe5+ Ne6
11. O-O Qd6 12. Bf4 Qxe5 13. Bxe5 c6 14. Nc3 f6 15. Bg3 Nf5 16. Bh2 Nd6 17. Bb3 Be7 18. Rfe1 Kf7 19. Re2 Re8 20. Rae1 Bf8
21. Nd4
1-0

[Event "A test for players who move fairly quickly"]
[Site "SchemingMind.com"]
[Date "2012.08.21"]
[Round "-"]
[White "kenneth m day"]
[Black "mmccaffe"]
[Result "1-0"]
[WhiteCountry "USA"]
[BlackCountry "USA"]
[WhiteElo "1721"]
[WhiteRD "52"]
[BlackElo "1622"]
[BlackRD "59"]
[GameID "316316"]

1. e4 c5 2. Nf3 d6 3. d4 cxd4 4. Nxd4 Nf6 5. Nc3 a6 6. f3 e5 7. Nb3 Be7 8. Be3 O-O 9. Qd2 Nbd7 10. g4 Nb6
11. O-O-O Qc7 12. h4 Nc4 13. Bxc4 Qxc4 14. h5 Be6 15. Nd5 Bxd5 16. exd5 e4 17. fxe4 Nxe4 18. Qd4 Qxd4 19. Rxd4 Nf6 20. g5 Nd7
21. Re4 Rfe8 22. Nd4 Nc5 23. Rg4 Rac8 24. Nf5 Bf8 25. Bf4 Nd3+ 26. Kb1 Nxf4 27. Rxf4 Re2 28. Nd4 Rg2 29. Rhf1 Rxg5 30. Rxf7 Re5
31. Rxb7 Re4 32. c3 g6 33. Rff7 Re5 34. Rxh7 Rxh5 35. Rxh5 gxh5 36. Nf5 Rc5 37. Ne3 Bh6 38. Nf5 Bf4 39. Rb4 Be5 40. Rh4
1-0

[Event "A test for players who move fairly quickly"]
[Site "SchemingMind.com"]
[Date "2012.08.25"]
[Round "-"]
[White "kenneth m day"]
[Black "emvarela"]
[Result "1-0"]
[WhiteCountry "USA"]
[BlackCountry "ARG"]
[WhiteElo "1775"]
[WhiteRD "51"]
[BlackElo "1746"]
[BlackRD "46"]
[GameID "316317"]

1. e4 e5 2. Nf3 Nc6 3. c3 Nf6 4. d4 Nxe4 5. d5 Nb8 6. Nxe5 Qe7 7. Qd4 Nd6 8. Kd1 Nf5 9. Qf4 d6 10. Bb5+ Nd7
11. Re1 Kd8 12. Nxd7
1-0

[Event "A test for players who move fairly quickly"]
[Site "SchemingMind.com"]
[Date "2012.08.21"]
[Round "-"]
[White "kenneth m day"]
[Black "Phillip Beckett"]
[Result "1-0"]
[WhiteCountry "USA"]
[BlackCountry "ENG"]
[WhiteElo "1812"]
[WhiteRD "56"]
[BlackElo "1600"]
[BlackRD "47"]
[GameID "316318"]

1. e4 e5 2. Nf3 Nc6 3. c3 Nf6 4. d4 exd4 5. e5 Ne4 6. Qe2 Nc5 7. cxd4 Na6 8. Nc3 Be7 9. Be3 d6 10. a3 dxe5
11. O-O-O exd4 12. Nxd4 Nxd4 13. Bxd4 O-O 14. Bxg7 Bg5+ 15. Kb1 Qe7 16. Qxe7 Bxe7 17. Bxf8 Kxf8 18. Bc4 Nc5 19. Rhe1 Bf5+ 20. Ka2 Bf6
21. Rd5
1-0

[Event "A test for players who move fairly quickly"]
[Site "SchemingMind.com"]
[Date "2012.08.21"]
[Round "-"]
[White "kenneth m day"]
[Black "Scooter"]
[Result "0-1"]
[WhiteCountry "USA"]
[BlackCountry "USA"]
[WhiteElo "1721"]
[WhiteRD "52"]
[BlackElo "1779"]
[BlackRD "47"]
[GameID "316319"]

1. e4 c6 2. d4 d5 3. exd5 cxd5 4. c4 Nf6 5. Nc3 e6 6. Nf3 Bb4 7. Bd3 O-O 8. O-O Nbd7 9. Bf4 dxc4 10. Bxc4 a6
11. Qc2 Bxc3 12. bxc3 Nd5 13. Bg3 N7f6 14. Ne5 b5 15. Bd3 Qa5 16. Rfc1 Bb7 17. c4 bxc4 18. Qxc4 Rfc8 19. Qb3 Nb4 20. Be2 Bd5
21. Bc4 Ne4 22. f3 Nd2 23. Qc3 Nxc4 24. a3 Nc6 25. Nxc4 Bxc4 26. Qxc4 Ne7 27. Qd3 Nf5 28. Be1 Qb6 29. Bf2 Qd6 30. a4 Qd7
31. a5 Qd5 32. g4 Nd6 33. Kg2 Rxc1 34. Rxc1 Qxa5 35. Be1 Qb5 36. Qc3 h6 37. Qa3 Rc8 38. Rxc8+ Nxc8 39. Qc3 Nd6 40. Qc7 Qe2+
41. Bf2 Nc4 42. Kg3 a5 43. Qb8+ Kh7 44. Qb1+ g6 45. Qa1 Nd2 46. Qc3 Nf1+ 47. Kg2 Nxh2 48. Qxa5 Qxf3+ 49. Kxh2 Qxf2+ 50. Kh3 g5
51. Qc3 Qh4+ 52. Kg2 Qxg4+ 53. Kh2 h5 54. Qc2+ Kg7 55. Qc3 h4 56. d5+ Kg6 57. Qc2+ Qf5 58. Qc6 Qxd5 59. Qc2+ f5
0-1

[Event "A test for players who move fairly quickly"]
[Site "SchemingMind.com"]
[Date "2012.08.21"]
[Round "-"]
[White "roque"]
[Black "kenneth m day"]
[Result "1-0"]
[WhiteCountry "FRA"]
[BlackCountry "USA"]
[WhiteElo "1893"]
[WhiteRD "81"]
[BlackElo "1775"]
[BlackRD "51"]
[GameID "316320"]

1. e4 c5 2. Nf3 d6 3. d4 cxd4 4. Nxd4 Nf6 5. Nc3 a6 6. Bg5 e6 7. f4 Be7 8. Qf3 O-O 9. O-O-O Nc6 10. Nxc6 bxc6
11. e5 Nd5 12. Bxe7 Qxe7 13. Bc4 dxe5 14. fxe5 Qg5+ 15. Kb1 Qxe5 16. Bd3 Rb8 17. Kc1 Nxc3 18. bxc3 g6 19. h4 Qxc3 20. h5 Rb2
21. hxg6 fxg6 22. Qh3 Rf7 23. Bxg6 Qxh3 24. Bxf7+ Kxf7 25. Rxh3 Rxa2 26. Rxh7+ Ke8 27. Rh8+
1-0

[Event "A test for players who move fairly quickly"]
[Site "SchemingMind.com"]
[Date "2012.08.21"]
[Round "-"]
[White "keen"]
[Black "kenneth m day"]
[Result "1-0"]
[WhiteCountry "SCO"]
[BlackCountry "USA"]
[WhiteElo "1762"]
[WhiteRD "59"]
[BlackElo "1775"]
[BlackRD "51"]
[GameID "316321"]

1. e4 c5 2. Nf3 d6 3. d4 cxd4 4. Nxd4 Nf6 5. Nc3 a6 6. Bd3 e5 7. Nb3 Be6 8. Bg5 Be7 9. O-O O-O 10. Qd2 Nc6
11. Rad1 h6 12. Bh4 Rc8 13. Rfe1 b5 14. Bf1 Qb6 15. Bxf6 Bxf6 16. Qxd6 Rfd8 17. Qc5 Qc7 18. Nd5 Bxd5 19. exd5 Nd4 20. Qxc7 Rxc7
21. c3 Nf5 22. Na5 Rc5 23. Nb7 Rcxd5 24. Nxd8
1-0

[Event "A test for players who move fairly quickly"]
[Site "SchemingMind.com"]
[Date "2012.08.21"]
[Round "-"]
[White "mmccaffe"]
[Black "kenneth m day"]
[Result "0-1"]
[WhiteCountry "USA"]
[BlackCountry "USA"]
[WhiteElo "1602"]
[WhiteRD "57"]
[BlackElo "1775"]
[BlackRD "51"]
[GameID "316322"]

1. d4 Nf6 2. c4 e6 3. Nc3 Bb4 4. e3 O-O 5. Bd3 d5 6. Nf3 c5 7. a3 Bxc3+ 8. bxc3 Nc6 9. O-O dxc4 10. Bxc4 Qc7
11. Bb2 b6 12. Qe2 Bb7 13. dxc5 bxc5 14. Rfd1 h6 15. a4 Rab8 16. Ba3 Na5 17. Bd3 Nd5 18. Bb2 c4 19. Bc2 Ba6 20. e4 Nf4
0-1

[Event "A test for players who move fairly quickly"]
[Site "SchemingMind.com"]
[Date "2012.08.25"]
[Round "-"]
[White "emvarela"]
[Black "kenneth m day"]
[Result "1/2-1/2"]
[WhiteCountry "ARG"]
[BlackCountry "USA"]
[WhiteElo "1746"]
[WhiteRD "46"]
[BlackElo "1775"]
[BlackRD "51"]
[GameID "316323"]

1. e4 d5 2. exd5 Qxd5 3. Nc3 Qd6 4. d4 Nf6 5. Nf3 c6 6. Ne5 Nbd7 7. Nc4 Qc7 8. Qf3 e5 9. dxe5 Nxe5 10. Nxe5 Qxe5+
11. Qe3 Bd6 12. Qxe5+ Bxe5 13. Bd2= Bf5 14. O-O-O O-O-O 15. Be2 Rhe8 16. Be3 Ng4 17. Rxd8+ Rxd8 18. Bxg4 Bxg4 19. f3 Bh5 20. Rd1 b6
21. Rxd8+ Kxd8 22. g4 Bg6 23. h4 h6 24. Ne2=
1/2-1/2

[Event "A test for players who move fairly quickly"]
[Site "SchemingMind.com"]
[Date "2012.08.21"]
[Round "-"]
[White "Phillip Beckett"]
[Black "kenneth m day"]
[Result "0-1"]
[WhiteCountry "ENG"]
[BlackCountry "USA"]
[WhiteElo "1600"]
[WhiteRD "47"]
[BlackElo "1812"]
[BlackRD "56"]
[GameID "316324"]

1. e4 c5 2. Nf3 Nc6 3. d4 cxd4 4. Nxd4 Nf6 5. Nc3 d6 6. Bg5 Bd7 7. f4 Qb6 8. Nb3 Ng4 9. Qe2 Nb4 10. O-O-O Ne3
11. Rd2 Bg4 12. a3 Bxe2
0-1

[Event "A test for players who move fairly quickly"]
[Site "SchemingMind.com"]
[Date "2012.08.21"]
[Round "-"]
[White "Scooter"]
[Black "kenneth m day"]
[Result "0-1"]
[WhiteCountry "USA"]
[BlackCountry "USA"]
[WhiteElo "1806"]
[WhiteRD "47"]
[BlackElo "1775"]
[BlackRD "51"]
[GameID "316325"]

1. d4 Nf6 2. Nf3 d5 3. Bf4 c5 4. c3 Qb6 5. Qb3 Nc6 6. e3 c4 7. Qxb6 axb6 8. Nbd2 Bf5 9. h3 h6 10. Be2 e6
11. O-O Be7 12. b3 b5 13. bxc4 bxc4 14. Ne5 Nxe5 15. Bxe5 O-O 16. a4 Rfc8 17. Nf3 Rc6 18. Nh4 Bh7 19. Rfc1 Rca6 20. Bd1 b5
21. Ra2 Ne4 22. f3 Nxc3 23. Rxc3 Bxh4 24. Bc7 b4 25. Rc1 b3 26. Rb2 Rxa4
0-1

[Event "A test for players who move fairly quickly"]
[Site "SchemingMind.com"]
[Date "2012.08.29"]
[Round "-"]
[White "hoochicoochiman"]
[Black "roque"]
[Result "0-1"]
[WhiteCountry "ENG"]
[BlackCountry "FRA"]
[WhiteElo "1622"]
[WhiteRD "79"]
[BlackElo "1910"]
[BlackRD "84"]
[GameID "316793"]

1. e4 c5 2. Nf3 e6 3. c3 Nf6 4. Qc2 Nc6 5. d4 cxd4 6. cxd4 Nb4 7. Qa4 Nxe4 8. Nbd2 Nxd2 9. Bxd2 Nd5 10. Ba5 b6
11. Bd2 Bd6 12. Bc4 Bb7 13. O-O O-O 14. Ne5 Bxe5 15. dxe5 d6 16. Bxd5 Bxd5 17. Bb4 Qg5 18. g3 Qxe5 19. Bc3 Qe4 20. Qxe4 Bxe4
21. Rad1 d5 22. f3 Bg6 23. h4 h5 24. Bd4 f6 25. Rfe1 Rfe8 26. Kf2 e5 27. Bc3 d4 28. Bb4 Bc2 29. Rc1 d3 30. Ke3 Rac8
31. a3 f5 32. Bc3 f4+ 33. gxf4 exf4+ 34. Kxf4 Rc4+ 35. Re4 Rexe4+ 36. fxe4 Rxc3 37. bxc3 d2 38. Rg1 d1=Q 39. Rxd1 Bxd1 40. Ke5 Kf7
41. Kd6 g5 42. e5 gxh4 43. e6+ Ke8
0-1

[Event "A test for players who move fairly quickly"]
[Site "SchemingMind.com"]
[Date "2012.08.28"]
[Round "-"]
[White "hoochicoochiman"]
[Black "keen"]
[Result "0-1"]
[WhiteCountry "ENG"]
[BlackCountry "SCO"]
[WhiteElo "1627"]
[WhiteRD "80"]
[BlackElo "1762"]
[BlackRD "59"]
[GameID "316794"]

1. e4 e6 2. d4 d5 3. Bd3 Nf6 4. e5 Nfd7 5. Bd2 c5 6. Bb5 Nc6 7. Bxc6 bxc6 8. c3 Qb6 9. Nf3 Qxb2 10. Qa4 Qxa1
11. O-O Qb2 12. Qxc6 Rb8 13. a3 c4 14. Bc1 Qxb1 15. Qc7 Qb6 16. Qxb6 Rxb6 17. Bg5 Rb3
0-1

[Event "A test for players who move fairly quickly"]
[Site "SchemingMind.com"]
[Date "2012.08.29"]
[Round "-"]
[White "hoochicoochiman"]
[Black "emvarela"]
[Result "1-0"]
[WhiteCountry "ENG"]
[BlackCountry "ARG"]
[WhiteElo "1622"]
[WhiteRD "79"]
[BlackElo "1717"]
[BlackRD "50"]
[GameID "316796"]

1. e4 e5 2. Nf3 Nc6 3. d4 exd4 4. Nxd4 Bc5 5. c3 Qf6 6. Be3 Nge7 7. b4 Bb6 8. Be2 d5 9. Bf3 Bxd4 10. Bxd4 Nxd4
11. cxd4 dxe4 12. Bxe4 c6 13. O-O Be6 14. Na3 O-O-O 15. Nc2 Bd5 16. f3 Bxe4 17. fxe4 Qg6 18. Qf3 f6 19. Rac1 Rhf8 20. b5 f5
21. e5 Nd5 22. bxc6 bxc6 23. Qh3 Kc7 24. Rce1 Ne7 25. Qa3 Nc8 26. Qa5+ Kb8 27. Rb1+ Ka8 28. Rb3 Ne7 29. Qc7 Rb8 30. Rfb1
1-0

[Event "A test for players who move fairly quickly"]
[Site "SchemingMind.com"]
[Date "2012.08.29"]
[Round "-"]
[White "hoochicoochiman"]
[Black "Phillip Beckett"]
[Result "1-0"]
[WhiteCountry "ENG"]
[BlackCountry "ENG"]
[WhiteElo "1627"]
[WhiteRD "80"]
[BlackElo "1561"]
[BlackRD "46"]
[GameID "316797"]

1. e4 e5 2. Nf3 Nc6 3. Bc4 Nf6 4. d3 Be7 5. O-O d6 6. Be3 O-O 7. Nbd2 h6 8. a3 Nh7 9. h3 Ng5 10. Nxg5 Bxg5
11. Bxg5 Qxg5 12. Nf3 Qg6 13. Nh4 Qg5 14. Nf3 Qg6 15. Nh4 Qg5 16. Nf3 Qg6 17. Nh4 Qg5 18. Nf3 Qg6 19. Kh2 Kh7 20. d4 exd4
21. Nxd4 Qf6 22. Nxc6 bxc6 23. b4 Be6 24. Bd3 d5 25. e5+
1-0

[Event "A test for players who move fairly quickly"]
[Site "SchemingMind.com"]
[Date "2012.08.29"]
[Round "-"]
[White "hoochicoochiman"]
[Black "Scooter"]
[Result "0-1"]
[WhiteCountry "ENG"]
[BlackCountry "USA"]
[WhiteElo "1627"]
[WhiteRD "80"]
[BlackElo "1806"]
[BlackRD "47"]
[GameID "316798"]

1. e4 c6 2. d4 d5 3. e5 Bf5 4. Bd3 Bxd3 5. Qxd3 e6 6. Nf3 Nd7 7. Nbd2 Bb4 8. c3 Ba5 9. Nb3 Qc7 10. O-O Ne7
11. Bd2 O-O 12. Ng5 Ng6 13. Nxa5 Qxa5 14. c4 Qa6 15. b3 Rad8 16. Qc2 dxc4 17. bxc4 Nb6 18. Rfc1 Qa4 19. Qxa4 Nxa4 20. Be3 h6
21. Ne4 Nh4 22. Nd6 Rd7 23. Rab1 Rb8 24. Rb4 Nb6 25. d5 exd5 26. Bxb6 axb6 27. cxd5 Ng6 28. f4 f6 29. Rxb6 Nxf4 30. Rcxc6 Nxd5
31. Rb5 fxe5 32. Ne4 bxc6 33. Rxb8+ Kf7 34. Nc5 Ra7 35. a4 Ra5 36. Rb7+ Kg6 37. Kf2 Rxc5
0-1

[Event "A test for players who move fairly quickly"]
[Site "SchemingMind.com"]
[Date "2012.08.29"]
[Round "-"]
[White "hoochicoochiman"]
[Black "kenneth m day"]
[Result "0-1"]
[WhiteCountry "ENG"]
[BlackCountry "USA"]
[WhiteElo "1622"]
[WhiteRD "79"]
[BlackElo "1721"]
[BlackRD "52"]
[GameID "316799"]

1. e4 d5 2. exd5 Qxd5 3. c4 Qa5 4. Nc3 Nf6 5. Nf3 c6 6. Qb3 Nbd7 7. Be2 Nc5 8. Qc2 Bg4 9. d4 Ncd7 10. Bd2 Qc7
11. h3 Bh5 12. O-O Bg6 13. Bd3 O-O-O 14. Bxg6 hxg6 15. Ng5 Rh4 16. Nxf7 Re8 17. Be3 e5 18. Qxg6 exd4 19. Bg5 Rh5 20. Bxf6 Nxf6
21. Na4 Re7 22. Ng5 Qf4 23. Rad1 Rxg5 24. Qd3 Rd7 25. b3 Bd6 26. g3 Be5 27. Nc5 Rd6 28. Kh1 Qf5 29. Qxf5+ Rxf5 30. Nd3 Rd8
31. f4 Bc7 32. b4 Ne4 33. Kg2 Rff8 34. Rf3 Nd6 35. c5 Nc4 36. Kf2 Ne3 37. Rd2 Rh8 38. h4 Nf5 39. Ne5 Rhe8 40. Ng6 Re3
41. g4 Rxf3+ 42. Kxf3 Ne3 43. h5 Rd7 44. Ne5 Bxe5 45. fxe5 Nc4 46. Re2 d3 47. e6 dxe2 48. exd7+ Kxd7
0-1

[Event "A test for players who move fairly quickly"]
[Site "SchemingMind.com"]
[Date "2012.08.29"]
[Round "-"]
[White "roque"]
[Black "hoochicoochiman"]
[Result "1-0"]
[WhiteCountry "FRA"]
[BlackCountry "ENG"]
[WhiteElo "1893"]
[WhiteRD "81"]
[BlackElo "1627"]
[BlackRD "80"]
[GameID "316800"]

1. e4 e6 2. d4 d5 3. Nc3 dxe4 4. Nxe4 Nf6 5. Nxf6+ Qxf6 6. Nf3 Bd6 7. Bg5 Qf5 8. Bd3 Qa5+ 9. Bd2 Qb6 10. Bc3 Bb4
11. O-O Bxc3 12. bxc3 Qb2 13. c4 Qa3 14. Re1 Nd7 15. Qe2 Nf6 16. c5 c6 17. Ne5 Qa5 18. Nc4 Qd8 19. Nd6+ Kf8 20. Qf3 Qc7
21. Re5 Rb8 22. Ne4 Nxe4 23. Bxe4 f6 24. Rh5 h6 25. Bg6 Ke7 26. Re1 Rd8 27. c3 Rd5 28. Rxd5 cxd5 29. Qxd5 Bd7 30. Bf5 Qc6
31. Qb3 Re8 32. Be4 Qa4 33. Qxb7 Qxa2 34. c6
1-0

[Event "A test for players who move fairly quickly"]
[Site "SchemingMind.com"]
[Date "2012.08.29"]
[Round "-"]
[White "keen"]
[Black "hoochicoochiman"]
[Result "1-0"]
[WhiteCountry "SCO"]
[BlackCountry "ENG"]
[WhiteElo "1762"]
[WhiteRD "59"]
[BlackElo "1627"]
[BlackRD "80"]
[GameID "316801"]

1. d4 d5 2. e3 Bf5 3. Nd2 e6 4. g4 Bg6 5. h4 h6 6. Ndf3 Bd6 7. Bd3 Bxd3 8. Qxd3 c6 9. Bd2 Nf6 10. g5 hxg5
11. Nxg5 Ng4 12. Qe2 Nh6 13. O-O-O Nf5 14. Qg4 Nd7 15. e4 Nxd4 16. exd5 Qf6 17. Ne4 Qe5 18. Nxd6+ Qxd6 19. Qxd4 cxd5 20. Qxg7 Rf8
21. h5 O-O-O 22. h6 Rg8 23. Qd4 Kb8 24. Be3 Nb6 25. Bf4
1-0

[Event "A test for players who move fairly quickly"]
[Site "SchemingMind.com"]
[Date "2012.08.29"]
[Round "-"]
[White "mmccaffe"]
[Black "hoochicoochiman"]
[Result "1-0"]
[WhiteCountry "USA"]
[BlackCountry "ENG"]
[WhiteElo "1602"]
[WhiteRD "57"]
[BlackElo "1627"]
[BlackRD "80"]
[GameID "316802"]

1. e4 e6 2. d4 d5 3. Nc3 dxe4 4. Nxe4 b6 5. Nf3 Bb7 6. Bd3 Nd7 7. O-O c5 8. c3 Ngf6 9. Bg5 h6 10. Nxf6+ Nxf6
11. Bh4 g5 12. Bg3 Rc8 13. Qa4+ Nd7 14. Qxa7 Bxf3 15. gxf3 Ra8 16. Qc7 Qf6 17. Bb5 Rd8 18. Qxb6 cxd4 19. cxd4 Qxf3 20. Rac1 Qa8
21. Rc7 Be7 22. Bc6 Qxa2 23. Bxd7+ Kf8 24. Rfc1 Kg7 25. Be5+ Bf6 26. Bxe6
1-0

[Event "A test for players who move fairly quickly"]
[Site "SchemingMind.com"]
[Date "2012.08.29"]
[Round "-"]
[White "emvarela"]
[Black "hoochicoochiman"]
[Result "1-0"]
[WhiteCountry "ARG"]
[BlackCountry "ENG"]
[WhiteElo "1746"]
[WhiteRD "46"]
[BlackElo "1627"]
[BlackRD "80"]
[GameID "316803"]

1. e4 e5 2. Nf3 Nc6 3. Bb5 Nd4 4. Nxd4 exd4 5. O-O c6 6. Bc4 Bc5 7. Qh5 d5 8. exd5 cxd5 9. Re1+ Be7 10. Bxd5 g6
11. Qf3 f5 12. Bxb7 Bxb7 13. Qxb7 Nf6 14. Qc6+ Kf7 15. Qe6+ Kf8 16. d3 Nd5 17. Bh6+ Ke8 18. Bg7 Nc7 19. Qc6+ Kf7 20. Bxh8
1-0

[Event "A test for players who move fairly quickly"]
[Site "SchemingMind.com"]
[Date "2012.08.29"]
[Round "-"]
[White "Phillip Beckett"]
[Black "hoochicoochiman"]
[Result "1-0"]
[WhiteCountry "ENG"]
[BlackCountry "ENG"]
[WhiteElo "1561"]
[WhiteRD "46"]
[BlackElo "1627"]
[BlackRD "80"]
[GameID "316804"]

1. e4 e6 2. d4 d5 3. Nd2 c5 4. exd5 Qxd5 5. Ngf3 cxd4 6. Bc4 Qc6 7. Qe2 Nd7 8. Nb3 Bb4+ 9. Bd2 Bxd2+ 10. Nbxd2 Qb6
11. O-O-O Ne7 12. Nb3 Nc6 13. Nfxd4 Nb4 14. Kb1 Nc5 15. Nxc5 Qxc5 16. Bb5+ Nc6 17. Nxc6 bxc6 18. Ba4 Rb8 19. Qd3 O-O 20. c3 Bb7
21. Bc2 g6 22. h4 Qxf2 23. h5 c5 24. hxg6 fxg6 25. Rxh7 Qf5 26. Qxf5 gxf5 27. Rdd7 Rfe8 28. Rxb7 a5 29. Bb3 Rxb7 30. Rxb7 f4
31. Rc7 Kf8 32. Rxc5 e5 33. Rc6 Kg7 34. Re6 Rxe6 35. Bxe6 e4 36. Bd5 e3 37. Bf3 Kf6 38. Kc2 Ke5 39. Kd3 Kf5 40. b4
1-0

[Event "A test for players who move fairly quickly"]
[Site "SchemingMind.com"]
[Date "2012.08.29"]
[Round "-"]
[White "Scooter"]
[Black "hoochicoochiman"]
[Result "0-1"]
[WhiteCountry "USA"]
[BlackCountry "ENG"]
[WhiteElo "1806"]
[WhiteRD "47"]
[BlackElo "1627"]
[BlackRD "80"]
[GameID "316805"]

1. d4 c6 2. Nf3 d5 3. Bf4 Nd7 4. e3 Qb6 5. b3 e6 6. Be2 Ngf6 7. Nbd2 Bb4 8. a3 Bc3 9. Rb1 c5 10. dxc5 Nxc5
11. O-O O-O 12. Be5 Nce4 13. Nxe4 Nxe4 14. Qd3 Bxe5 15. Nxe5 f6 16. Nf3 Bd7 17. Nd2 Nd6 18. c4 Bc6 19. b4 Qc7 20. Qc3 Bb5
21. Rfc1 dxc4 22. Bxc4 Nxc4 23. Nxc4 Rac8 24. Rc2 Qxc4
0-1

[Event "A test for players who move fairly quickly"]
[Site "SchemingMind.com"]
[Date "2012.08.29"]
[Round "-"]
[White "kenneth m day"]
[Black "hoochicoochiman"]
[Result "1-0"]
[WhiteCountry "USA"]
[BlackCountry "ENG"]
[WhiteElo "1775"]
[WhiteRD "51"]
[BlackElo "1627"]
[BlackRD "80"]
[GameID "316806"]

1. e4 e6 2. d4 d5 3. Nc3 dxe4 4. Nxe4 Nf6 5. Bd3 b6 6. Nf3 Bb7 7. Qe2 c5 8. Bg5 Nbd7 9. O-O Be7 10. Rad1 h6
11. Bf4 Nxe4 12. Bxe4 Bxe4 13. Qxe4 cxd4 14. Rxd4 Bc5 15. Rxd7 Bxf2+ 16. Rxf2
1-0

[Event "A test for players who move fairly quickly"]
[Site "SchemingMind.com"]
[Date "2012.09.01"]
[Round "-"]
[White "lennart"]
[Black "roque"]
[Result "0-1"]
[WhiteCountry "SWE"]
[BlackCountry "FRA"]
[WhiteElo "1471"]
[WhiteRD "55"]
[BlackElo "1893"]
[BlackRD "81"]
[GameID "317087"]

1. e4 c5 2. Nc3 Nc6 3. d3 Nf6 4. Nf3 d5 5. e5 d4 6. Na4 Qa5+ 7. Bd2 Qxa4 8. exf6 exf6 9. a3 Ne5 10. b3 Qc6
11. Nxe5 fxe5 12. Be2 Qxg2 13. Bf3 Qg6 14. Qe2 Bd6 15. O-O-O Qe6 16. Rdg1 g6 17. Kd1 Rb8 18. h4 h5 19. Be4 Bd7 20. Rf1 f5
21. Bg2 Bc6 22. f3 b5 23. Bg5 c4 24. Ke1 cxb3 25. cxb3 Qxb3 26. Bd2 Qxa3 27. Rhg1 b4 28. Kf2 b3 29. Rb1 Qc5 30. Rgc1 Qb5
31. f4 Bxg2 32. Kxg2 Kd7 33. Rb2 Ba3 34. Rcb1 Bxb2 35. Rxb2 a5 36. fxe5 Ke6 37. Kg3 a4 38. Qd1 Qxd3+ 39. Kf2 a3
0-1

[Event "A test for players who move fairly quickly"]
[Site "SchemingMind.com"]
[Date "2012.09.01"]
[Round "-"]
[White "lennart"]
[Black "keen"]
[Result "0-1"]
[WhiteCountry "SWE"]
[BlackCountry "SCO"]
[WhiteElo "1471"]
[WhiteRD "55"]
[BlackElo "1762"]
[BlackRD "59"]
[GameID "317088"]

1. e4 e6 2. Nc3 d5 3. exd5 exd5 4. d4 Nf6 5. Nf3 Bd6 6. Qe2+ Be6 7. Bd2 O-O 8. O-O-O Re8 9. Qd3 Qd7 10. Nb5 Bf8
11. a3 Bf5 12. Qb3 Ne4 13. Be3 Nc6 14. Ne5 Nxe5 15. dxe5 c6 16. Nd4 Bg6 17. f3 Nc5 18. Qc3 Qe7 19. h4 h6 20. Nxc6 bxc6
21. e6 Nxe6 22. Qxc6 Rec8 23. Qxd5 Rxc2+
0-1

[Event "A test for players who move fairly quickly"]
[Site "SchemingMind.com"]
[Date "2012.09.04"]
[Round "-"]
[White "lennart"]
[Black "mmccaffe"]
[Result "1-0"]
[WhiteCountry "SWE"]
[BlackCountry "USA"]
[WhiteElo "1471"]
[WhiteRD "55"]
[BlackElo "1602"]
[BlackRD "57"]
[GameID "317089"]

1. e4 e6 2. Nc3 d5 3. exd5 exd5 4. d4 Nf6 5. a3 Be7 6. h3 O-O 7. Bd3 c6 8. Nf3 Nbd7 9. Bf4 b6 10. Qd2 Bb7
11. O-O Re8 12. Rae1 Bf8 13. Nd1 b5 14. b4 Qb6 15. Ne3 a5 16. c3 axb4 17. axb4 Ra3 18. g4 Rea8 19. Bb1 Ne4 20. Qd3 Rxc3
21. Qe2 Bxb4 22. Rd1 Ndf6 23. Be5 Nd7 24. Bh2 c5 25. Nf5 c4 26. Ne5 Nxe5 27. Bxe5 f6 28. Bf4 Nd6 29. Qe6+
1-0

[Event "A test for players who move fairly quickly"]
[Site "SchemingMind.com"]
[Date "2012.09.04"]
[Round "-"]
[White "lennart"]
[Black "emvarela"]
[Result "0-1"]
[WhiteCountry "SWE"]
[BlackCountry "ARG"]
[WhiteElo "1471"]
[WhiteRD "55"]
[BlackElo "1746"]
[BlackRD "46"]
[GameID "317090"]

1. e4 e5 2. Nf3 Nc6 3. h3 d6 4. d4 Nf6 5. Nc3 g6 6. Bg5 Bg7 7. Nd5 Be6 8. Bh4 Bxd5 9. exd5 exd4 10. Nxd4 Qe7+
11. Ne2 Qe5 12. c3 Nxd5 13. Bg3 Qe6 14. Rc1 O-O 15. Bh2 Rfe8 16. g3 Qe4 17. Rg1 Ne5
0-1